00235nam a2200097Ia 4500008004100000082001700041100001900058245003000077260001800107600001200125241002s9999 xx 000 0 und d a954.0259 NIC aNicholas, Kaye 0aTime Only to Look Forward aLondon:c1949 aHistory